[Event "45th Olympiad 2024"]
[Site "Budapest HUN"]
[Date "2024.09.21"]
[Round "10.55"]
[Board "2"]
[White "Mwale, Joseph"]
[Black "Khoder, Akram"]
[Result "1-0"]
[WhiteElo "2063"]
[BlackElo "2239"]
[PlyCount "75"]
[EventDate "2024.09.11"]
[WhiteTeam "Malawi"]
[BlackTeam "Lebanon"]
[WhiteTeamCountry "MWI"]
[BlackTeamCountry "LBN"]

1. e4 e5 2. Nf3 Nc6 3. Bc4 Bc5 4. b4 Bxb4 5. c3 Be7 6. Qb3 Nh6 7. d4 Na5 8. Qa4 Nxc4 9. Qxc4 exd4 10. Bxh6 gxh6 11. Nxd4 ({RR} 11. cxd4 c6 12. O-O d5 13. exd5 Qxd5 14. Qe2 Bg4 15. Nbd2 Be6 16. Rfc1 O-O 17. Ne4 b6 18. Rc3 Kh8 19. Qe3 Rg8 20. Ng3 h5 21. h4 c5 22. dxc5 Bxc5 23. Qf4 Rg4 24. Qf6+ Kg8 25. Ne5 Bxf2+ {0-1 Zelcic,R (2503)-Sermek,D (2525) Pula op 15th 2001 (5)}) 11... d6 12. O-O O-O $146 ({RR} 12... Rg8 13. g3 Bf6 14. Nd2 Bxd4 15. cxd4 Be6 16. d5 Bh3 17. Rfe1 Qd7 18. Rac1 h5 19. Qxc7 Rd8 20. Qxd7+ Kxd7 21. Rc3 Rc8 22. Rec1 Rxc3 23. Rxc3 h4 24. Nb3 hxg3 25. hxg3 f5 26. Kh2 Bg4 27. f3 {1-0 Fischer,T (1954)-Plum,P (1790) GER-ch Net blitz qual2 2020 (9)}) 13. f4 c6 14. Nd2 Bf6 15. Rae1 Bg7 16. Re3 Kh8 17. f5 Be5 18. Rh3 Qf6 19. N2f3 Re8 20. Nxe5 Rxe5 21. Nf3 Re7 22. g4 Bd7 23. Qd3 Rg8 24. Rg3 Rge8 25. Re1 Bc8 26. h4 Qg7 27. Kf2 f6 28. Qxd6 Rd7 29. Qf4 Rd3 30. g5 Qe7 31. gxh6 Rxc3 32. Rg7 Qc5+ 33. Kg2 Rc2+ 34. Kh3 Rxe4 35. Rxe4 Bxf5+ 36. Rg4 Bxg4+ 37. Qxg4 Qf8 38. Re8 1-0

[Event "45th Olympiad 2024"]
[Site "Budapest HUN"]
[Date "2024.09.21"]
[Round "10.55"]
[Board "3"]
[White "Assaad, Joe"]
[Black "Chipanga, Chiletso"]
[Result "1-0"]
[WhiteElo "2150"]
[BlackElo "2089"]
[PlyCount "49"]
[EventDate "2024.09.11"]
[WhiteTeam "Lebanon"]
[BlackTeam "Malawi"]
[WhiteTeamCountry "LBN"]
[BlackTeamCountry "MWI"]

1. e4 c5 2. Nf3 Nc6 3. d4 cxd4 4. Nxd4 a6 5. Nc3 e6 6. Be3 Nf6 7. Nxc6 bxc6 8. Bd3 d5 9. e5 ({RR} 9. Bd4 Be7 10. O-O Rb8 11. Be5 Bd6 12. Bxd6 Qxd6 13. Qe2 Qc7 14. exd5 cxd5 15. Bxa6 Bxa6 16. Qxa6 Rxb2 17. Nb5 Qb8 18. Qc6+ Nd7 19. a4 Ke7 20. Qc3 Qe5 21. Qa3+ Kd8 22. Rac1 g5 23. Rfe1 Qf6 {1-0 Nazari,A (2375)-Sarana,A (2697) Titled Tue 30th Jan Late 2024 (2)}) 9... Nd7 10. f4 Rb8 $146 ({RR} 10... g6 11. O-O Bg7 12. Na4 Rb8 13. Qd2 O-O 14. Nc5 Rxb2 15. Qc3 Rb6 16. Nxd7 Bxd7 17. Bxb6 Qxb6+ 18. Kh1 c5 19. Rab1 Qa7 20. Qa5 c4 21. Be2 Bc8 22. Bg4 Qd4 23. Rb8 Qa7 24. Qb6 Qd7 25. c3 {1-0 Bene,Z (2084)-Potari,A (1928) Balatonlelle op-B 2005 (2)}) ({RR} 10... c5 11. Bf2 g5 12. Qh5 gxf4 13. O-O Bg7 14. Rae1 c4 15. Nxd5 cxd3 16. Bh4 Qa5 17. Rxf4 O-O 18. Rg4 f6 19. exf6 Qc5+ 20. Kh1 Rf7 21. Rxe6 dxc2 22. Ne7+ Rxe7 23. Rxg7+ Rxg7 24. Re8+ Qf8 25. Rxf8+ {0-1 Hammer,J (2677)-Giri,A (2773) Norway Masters blitz 3rd 2015 (6)}) ({RR} 10... c5 11. Bf2 Rb8 12. Rb1 g5 13. Qh5 Rb4 14. O-O Bb7 15. a3 Rxf4 16. Be3 c4 17. Bxf4 gxf4 18. Be2 Qb6+ 19. Kh1 d4 20. Rxf4 dxc3 21. Qxf7+ Kd8 22. Rd1 Bd5 23. bxc3 Bc5 24. Rxd5 exd5 25. e6 {0-1 Mraz,O (2022)-Gasa,P (1951) SVK-ch U16 Lubovna 2013 (8)}) 11. O-O Rxb2 12. f5 Nxe5 13. fxe6 Bxe6 14. Bf5 Qa5 15. Bd4 Bc5 16. Kh1 Bxd4 17. Qxd4 Bxf5 18. Qxe5+ Be6 19. Qxg7 Rf8 20. Ne2 Rb4 21. Rab1 c5 22. c3 Rb5 23. Rbe1 Qd8 24. Nf4 Qe7 25. Nxe6 1-0

[Event "45th Olympiad 2024"]
[Site "Budapest HUN"]
[Date "2024.09.21"]
[Round "10.55"]
[Board "4"]
[White "Mwale, George"]
[Black "Kassis, Antoine LIB"]
[Result "1/2-1/2"]
[WhiteElo "2056"]
[BlackElo "2085"]
[PlyCount "84"]
[EventDate "2024.09.11"]
[WhiteTeam "Malawi"]
[BlackTeam "Lebanon"]
[WhiteTeamCountry "MWI"]
[BlackTeamCountry "LBN"]

1. Nf3 c5 2. d4 Nf6 3. c4 cxd4 4. Nxd4 Nc6 5. Nc3 g6 6. g3 Bg7 7. Bg2 O-O 8. O-O Qa5 9. e3 Qh5 ({RR} 9... d6 10. Nde2 Bd7 11. b3 a6 12. Bd2 Rfc8 13. a4 Rab8 14. h3 Qd8 15. e4 Be8 16. Rb1 Nd7 17. Bg5 h6 18. Be3 Nc5 19. Kh2 Kh7 20. Qd2 Na5 21. Qa2 Nc6 22. Rfd1 Nb4 23. Qd2 b5 24. axb5 {½-½ Le,Q (2712)-Grischuk,A (2779) Wch Rapid Khanty-Mansiysk 2013 (8)}) 10. Bf3 $146 ({RR} 10. h3 Qxd1 11. Rxd1 Nxd4 12. exd4 {½-½ Suba,M (2451)-Efimov,I (2459) Arvier op 2010 (8)}) ({RR} 10. Qxh5 Nxh5 11. Rd1 Nf6 12. b3 Rb8 13. Ba3 Re8 14. Rac1 Nxd4 15. exd4 d6 16. c5 dxc5 17. dxc5 Bf5 18. h3 h5 19. Nb5 a6 20. Nd4 Be4 21. c6 bxc6 22. Nxc6 Rb7 23. Bf1 Nd5 24. Re1 Bf3 {1-0 Iturrizaga Bonelli,E (2600)-Sherman,R (2295) Titled Tue 16th Jan Late 2024 (3)}) ({RR} 10. b3 Nxd4 11. exd4 d6 12. Qxh5 Nxh5 13. Be3 Rb8 14. Rfe1 Bd7 15. Rad1 e6 16. Ne4 d5 17. cxd5 exd5 18. Nc3 Nf6 19. Nxd5 Nxd5 20. Bxd5 b6 21. Bc4 Rfe8 22. a4 Bf8 23. Bf4 Rbc8 24. Rxe8 Rxe8 {1-0 Capel,E (2085)-Hj,S (2049) Asia Cities-ch 18th 2013 (8.4)}) ({RR} 10. h3 Nxd4 11. exd4 d6 12. Qxh5 Nxh5 13. Be3 Be6 14. b3 Rab8 15. Nb5 a6 16. Nc7 Bd7 17. Rfe1 Nf6 18. Bg5 Rfc8 19. Bxf6 Bxf6 20. Nd5 Kg7 21. Nxf6 Kxf6 22. a4 Rc7 23. a5 b6 24. axb6 Rxb6 {½-½ Iturrizaga Bonelli,E (2636)-Jones,G (2677) Titled Tuesday intern op 6th Nov blitz 2018 (2)}) 10... Qa5 11. a3 Nxd4 12. exd4 d6 13. b4 Qc7 14. Qe2 Be6 15. c5 d5 16. Bf4 Qd7 17. Rfe1 Rfe8 18. Rac1 Bg4 19. Be5 Bxf3 20. Qxf3 Rad8 21. Red1 Qg4 22. Qg2 Qf5 23. Re1 a6 24. Bf4 Ne4 25. Nxe4 dxe4 26. Qxe4 Qxe4 27. Rxe4 Rxd4 28. Rxd4 Bxd4 29. Rd1 e5 30. Be3 Bxe3 31. fxe3 Re7 32. Rd6 Rc7 33. Kg2 Kf8 34. Kf3 f5 35. g4 Kf7 36. gxf5 gxf5 37. e4 f4 38. Rh6 Kf8 39. Rd6 Ke7 40. Kg4 Ke8 41. Kf3 Rd7 42. Re6+ Re7 1/2-1/2

[Event "45th Olympiad 2024"]
[Site "Budapest HUN"]
[Date "2024.09.21"]
[Round "10.56"]
[Board "1"]
[White "Ahn, Hongjin"]
[Black "Mehrad, Ahmad Tamim"]
[Result "1-0"]
[WhiteElo "2251"]
[BlackElo "2015"]
[PlyCount "87"]
[EventDate "2024.09.11"]
[WhiteTeam "South Korea"]
[BlackTeam "Afghanistan"]
[BlackTeamCountry "AFG"]

1. c4 g6 2. g3 Bg7 3. Bg2 Nf6 4. Nf3 O-O 5. O-O c5 6. d4 cxd4 7. Nxd4 Nc6 8. Nc3 Qb6 9. e3 d6 10. b3 Bd7 11. Bb2 ({RR} 11. Nde2 Rfc8 12. h3 Rab8 13. e4 a6 14. Be3 Qa5 15. a4 Qd8 16. Qd2 Ne5 17. f4 Nc6 18. Rad1 Na5 19. e5 Ne8 20. Nc1 Bc6 21. Qf2 b6 22. Rd3 Qc7 23. Bxc6 Qxc6 24. Nd5 Rb7 25. Bxb6 e6 {1-0 Le,Q (2731)-Obregon Rivero,J (2483) Titled Tue 21st May Late 2024 (11)}) 11... Rad8 12. Qd2 a6 13. Rfe1 $146 ({RR} 13. Rad1 Qc7 14. h3 Qc8 15. Kh2 Rfe8 16. Rfe1 Qc7 17. Nde2 Bc8 18. Nf4 e6 19. Qe2 b6 20. Rd2 Bb7 21. Red1 Ne5 22. f3 Rd7 23. Nd3 Nxd3 24. Rxd3 Red8 25. e4 Nh5 26. f4 Nf6 27. Qd2 Bc6 {1-0 Koller,R (1980)-Auth,D (1835) Landesliga Nord 9596 1995}) ({RR} 13. Rac1 Qa5 14. h3 Rfe8 15. a3 Qh5 16. g4 Qc5 17. b4 Qa7 18. Nce2 Rc8 19. Nb3 h6 20. f4 Nxg4 21. hxg4 Bxb2 22. Qxb2 Qxe3+ 23. Rf2 Bxg4 24. Rc3 Qb6 25. Rg3 Bf5 26. Nbd4 Nxd4 27. Nxd4 Bd7 {1-0 Goncalves,I (2186)-Farias,J (1922) Pocos de Caldas op 2015 (2)}) ({RR} 13. Rac1 Nxd4 14. exd4 Ng4 15. Nd5 Qa7 16. Nxe7+ Kh8 17. Rce1 Rfe8 18. Nd5 b5 19. h3 Nh6 20. Ne3 Nf5 21. Nxf5 Bxf5 22. d5 Qd7 23. g4 Bxg4 24. hxg4 Qxg4 25. Bxg7+ Kxg7 26. Qc3+ Kg8 27. cxb5 axb5 {1-0 Hiebler,L (2075)-Tschida,V (1574) AUT-ch (Women) 2017 (9)}) 13... Ne5 14. f4 Nc6 15. Kh1 Rfe8 16. Nf3 Qa5 17. Rad1 Qh5 18. Qf2 Bg4 19. Rb1 e5 20. Qf1 Bf5 21. fxe5 dxe5 22. e4 Bc8 23. Nd5 Ng4 24. h3 Nf6 25. Kg1 Nxd5 26. cxd5 Nd4 27. Nxd4 exd4 28. Rbd1 Be5 29. Kh2 Qg5 30. Qf2 f5 31. exf5 Qxf5 32. Qd2 d3 33. Rxe5 Rxe5 34. Qc3 Rde8 35. Rxd3 Qf2 36. Rf3 Qe2 37. Qd4 Bf5 38. d6 Bd7 39. Rf2 Qb5 40. b4 h5 41. a4 Qxa4 42. Bd5+ Kh7 43. Rf7+ Kh6 44. Qf4+ 1-0

[Event "45th Olympiad 2024"]
[Site "Budapest HUN"]
[Date "2024.09.21"]
[Round "10.56"]
[Board "2"]
[White "Haidary, Hameedullah"]
[Black "Yun, Hungi"]
[Result "0-1"]
[WhiteElo "2192"]
[BlackElo "2124"]
[PlyCount "74"]
[EventDate "2024.09.11"]
[WhiteTeam "Afghanistan"]
[BlackTeam "South Korea"]
[WhiteTeamCountry "AFG"]

1. d4 Nf6 2. Bf4 d5 3. e3 e6 4. Bd3 Bd6 5. Bg3 O-O 6. Nd2 c5 7. c3 b6 ({RR} 7... Qc7 8. Ngf3 Nbd7 9. Qc2 e5 10. dxe5 Nxe5 11. Nxe5 Bxe5 12. Nf3 Bxg3 13. hxg3 h6 14. c4 Be6 15. O-O Rfd8 16. Rac1 Rac8 17. cxd5 Nxd5 18. a3 a6 19. Rfd1 Ne7 20. b4 c4 21. Nd4 b5 22. Nxe6 {½-½ Vachier Lagrave,M (2779)-Dominguez Perez,L (2739) chess.com Speed 5m+1spm 2018 blitz (1.3)}) 8. Ngf3 Bb7 9. Bxd6 $146 ({RR} 9. Qc2 Ba6 10. c4 Nc6 11. a3 cxd4 12. exd4 Rc8 13. b3 g6 14. h4 Nh5 15. Bxd6 Qxd6 16. g4 Nf4 17. Bf1 Nxd4 18. Qb2 Nxf3+ 19. Nxf3 dxc4 20. bxc4 Nd3+ 21. Bxd3 Qxd3 22. Rh3 Qxc4 23. Rh1 Qe4+ {0-1 Bullock,L (1563)-Harrington,M Gibraltar Amateur op-A 2017 (2)}) ({RR} 9. Qb1 Nc6 10. Ne5 h6 11. f4 Qc7 12. O-O Rac8 13. Rf3 a6 14. Bh4 Ne8 15. g4 Be7 16. Rh3 Nd6 17. Bxe7 Nxe7 18. g5 Nef5 19. gxh6 Nxh6 20. Ndf3 Ne4 21. Ng5 cxd4 22. exd4 b5 23. Nxe4 dxe4 {1-0 Cooke,S (1941)-Santiago Sontay,J (1773) Olympiad Women 2024 (3.40)}) ({RR} 9. Bh4 Be7 10. Ne5 Nc6 11. Ndf3 cxd4 12. exd4 Ne4 13. Bg3 Rc8 14. Qc2 Nxe5 15. Bxe5 f6 16. Bf4 a6 17. Nd2 f5 18. f3 Nxd2 19. Qxd2 g6 20. O-O-O b5 {½-½ Hubert,N (1181)-Wechtenbruch,J (1371) GER-ch U25-C 2019 (5)}) ({RR} 9. Bh4 Nbd7 10. O-O Qc7 11. Re1 Ne4 12. Rc1 c4 13. Bc2 b5 14. a3 Rab8 15. Re2 Ndf6 16. Bxf6 gxf6 17. g3 Kh8 18. Nh4 Rg8 19. Qe1 Rg7 20. Ng2 Rbg8 21. Nf1 Ng5 22. Nh4 e5 23. Kg2 e4 {0-1 Soria Oliva,P-Garcia Canals,G (1269) Barcelona Sant Marti op-B 22nd 2022 (6)}) 9... Qxd6 10. Ne5 Nc6 11. f4 Ne7 12. O-O g6 13. g4 Ne4 14. g5 f6 15. gxf6 Rxf6 16. Qc2 Nxd2 17. Qxd2 a5 18. Qe2 Kh8 19. Rf2 Nf5 20. Rc1 Qe7 21. Bxf5 Rxf5 22. Rg2 Ba6 23. Qg4 Rc8 24. Rd1 b5 25. h3 b4 26. cxb4 cxd4 27. Rxd4 axb4 28. Kh2 Qf8 29. Qh4 Rh5 30. Qg4 Bf1 31. Rg3 Rxe5 32. fxe5 Rc2+ 33. Rg2 Rxg2+ 34. Qxg2 Bxg2 35. Kxg2 Qc5 36. Rd2 Qxe3 37. Rf2 Qxe5 0-1

[Event "45th Olympiad 2024"]
[Site "Budapest HUN"]
[Date "2024.09.21"]
[Round "10.56"]
[Board "3"]
[White "Lee, Kyungseok"]
[Black "Kanz, Ahmad Safy"]
[Result "1-0"]
[WhiteElo "2044"]
[BlackElo "1977"]
[PlyCount "115"]
[EventDate "2024.09.11"]
[WhiteTeam "South Korea"]
[BlackTeam "Afghanistan"]
[BlackTeamCountry "AFG"]

1. d4 Nf6 2. c4 g6 3. Nc3 Bg7 4. e4 d6 5. Bd3 O-O 6. Nge2 c5 7. d5 e6 8. h3 exd5 9. exd5 Nbd7 10. O-O ({RR} 10. f4 Nh5 11. O-O f5 12. Bd2 Ndf6 13. Qc2 Bd7 14. a3 a6 15. b4 cxb4 16. axb4 b5 17. Be3 Re8 18. Bd4 bxc4 19. Bxc4 Ne4 20. Qd3 Qb8 21. Rab1 Nxc3 22. Qxc3 Re4 23. Bxg7 Nxg7 24. Bd3 Qb6+ {1-0 Malakhov,V (2694)-Dyachkov,S (2554) Moscow Aeroflot op-A 2006 (5)}) ({RR} 10. Bg5 Ne5 11. O-O h6 12. Bf4 Re8 13. Rc1 a6 14. Ng3 Bd7 15. Be2 Rb8 16. Qd2 g5 17. Be3 Ng6 18. Bd3 b5 19. b3 Qa5 20. Nf5 Bxf5 21. Bxf5 bxc4 22. Bxg6 fxg6 23. bxc4 Nd7 24. Qc2 Ne5 {1-0 Lagarde,M (2642)-Avramidou,A (2287) Titled Tue 9th Jan Late 2024 (5)}) 10... a6 $146 ({RR} 10... Ne5 11. Ng3 Nxd3 12. Qxd3 Nd7 13. Qc2 f5 14. f4 a6 15. a4 Nf6 16. Bd2 Bd7 17. Rae1 Rb8 18. Qd3 Re8 19. b3 Rxe1 20. Rxe1 Qf8 21. Kf1 h5 22. Nh1 Re8 23. Rxe8 Qxe8 24. Nf2 h4 25. Qe2 {0-1 Drozdova,D (2145)-Cherenkova,K (2238) Moscow RGSU-B 2006 (2)}) ({RR} 10... Ne5 11. Ng3 Nxd3 12. Qxd3 Nd7 13. f4 f5 14. Bd2 a6 15. a4 b6 16. Rfe1 Nf6 17. Re2 Ra7 18. Rae1 Re8 19. Nf1 Rae7 20. Nh2 Rxe2 21. Rxe2 Kf7 22. Nf3 h6 23. b3 Rxe2 24. Qxe2 Qe8 25. Qxe8+ {½-½ Manukyan,S (2199)-Kashtanov,R (2343) Chigorin Memorial 17th 2009 (6)}) ({RR} 10... Ne5 11. Bg5 Qb6 12. b3 Re8 13. Rc1 Nxd3 14. Qxd3 Bf5 15. Qd2 Ne4 16. Nxe4 Rxe4 17. Be3 Bd7 18. Ng3 Re5 19. Bf4 Re7 20. Rfe1 Rae8 21. Rxe7 Rxe7 22. Re1 Be5 23. Ne4 f6 24. Bxe5 fxe5 25. Qg5 {1-0 Argandona Salinas,G (2051)-Jimenez Almeida,L (1994) Pamplona Navarra Preferente op 2013 (2)}) 11. Ng3 Ne5 12. Be2 b5 13. cxb5 axb5 14. Bxb5 Bb7 15. Bg5 Ned7 16. Qd2 Qb6 17. a4 Ba6 18. Bh6 Bxh6 19. Qxh6 Bxb5 20. axb5 Rxa1 21. Rxa1 Re8 22. Ra6 Qc7 23. Qf4 Re5 24. Rc6 Qb8 25. Qa4 Nxd5 26. Nxd5 Rxd5 27. Qa6 Kg7 28. Rc8 Qb6 29. Qxb6 Nxb6 30. Rc6 Nc4 31. b3 Na5 32. Ne4 Rd4 33. f3 Rb4 34. Nxd6 Rxb5 35. Ra6 Rxb3 36. Rxa5 Rd3 37. Nc4 Rd5 38. Kf2 Kf6 39. Ke3 Ke6 40. Ra6+ Ke7 41. Ra3 Rd4 42. Rc3 f5 43. Nd2 Kd6 44. Rd3 f4+ 45. Ke2 Kd5 46. Ne4 h6 47. Rxd4+ Kxd4 48. Kd2 c4 49. Nc3 g5 50. Ne2+ Kc5 51. Kc3 Kd5 52. Nd4 h5 53. Nc2 g4 54. hxg4 hxg4 55. Na3 Ke5 56. Nxc4+ Kf5 57. Kd4 Kg5 58. Ke4 1-0

[Event "45th Olympiad 2024"]
[Site "Budapest HUN"]
[Date "2024.09.21"]
[Round "10.56"]
[Board "4"]
[White "Abdul Khaliq, Wais"]
[Black "Huh, Isaak"]
[Result "1-0"]
[WhiteElo "1968"]
[BlackElo "2114"]
[PlyCount "71"]
[EventDate "2024.09.11"]
[WhiteTeam "Afghanistan"]
[BlackTeam "South Korea"]
[WhiteTeamCountry "AFG"]

1. d4 Nf6 2. c4 e6 3. Nc3 Bb4 4. Bg5 h6 5. Bh4 c5 6. e3 d6 ({RR} 6... g5 7. Bg3 Bxc3+ 8. bxc3 Qa5 9. Qc2 cxd4 10. exd4 Nc6 11. Rd1 d5 12. f3 Nh5 13. Bf2 Ne7 14. Nh3 Bd7 15. Qb2 dxc4 16. Be2 Nd5 17. Rc1 b5 18. O-O Nhf4 19. Nxf4 gxf4 20. Bh4 Rg8 21. Rf2 {0-1 Fernandez Babasz,S-Postolski,J (1990) 98th ch-ARG Semi-Final 2023 (4.35)}) 7. Qc2 ({RR} 7. Bd3 Nbd7 8. Nge2 e5 9. O-O g5 10. Bg3 Qe7 11. Nb5 Kf8 12. Qa4 a6 13. Nbc3 Bxc3 14. Nxc3 Kg7 15. Rad1 Re8 16. Rd2 cxd4 17. exd4 exd4 18. Ne2 Nc5 19. Qa3 h5 20. h4 Nfe4 21. Bxe4 Nxe4 {1-0 Hort,V (2615)-Lechtynsky,J (2470) CSR-ch52 International 1984 (9)}) 7... cxd4 8. exd4 Nbd7 9. Nf3 $146 ({RR} 9. a3 Bxc3+ 10. Qxc3 O-O 11. Bd3 b6 12. f3 Ba6 13. Ne2 Rc8 14. O-O Bxc4 15. Bxc4 d5 16. Qe3 Rxc4 17. Rac1 Qb8 18. b3 Rxc1 19. Rxc1 Rc8 20. Bg3 Qb7 21. a4 Kf8 22. Kf2 Ke8 23. Rxc8+ Qxc8 {0-1 Muhammad Musa,A-Leong Chee Ming,L ASEAN-ch U16 2nd 2001 (4)}) 9... b6 10. Be2 Bb7 11. O-O O-O 12. Nd1 d5 13. c5 bxc5 14. a3 Ba5 15. dxc5 Rc8 16. b4 Bc7 17. Qa4 Bb8 18. Rc1 e5 19. Nb2 g5 20. Bg3 Ne4 21. Bb5 Nxg3 22. hxg3 Nf6 23. c6 Ba8 24. Ba6 Qd6 25. Bxc8 Rxc8 26. b5 e4 27. Nd4 Qe5 28. Nd1 Ng4 29. Rc3 Qc7 30. Ne3 Nxe3 31. Rxe3 Qb6 32. Nf5 Re8 33. Qd4 Be5 34. Qxd5 Re6 35. Rxe4 Qb8 36. Rfe1 1-0

[Event "45th Olympiad 2024"]
[Site "Budapest HUN"]
[Date "2024.09.21"]
[Round "10.57"]
[Board "1"]
[White "Cogan, Nicolas"]
[Black "Rakotomaharo, Fy Antenaina"]
[Result "0-1"]
[WhiteElo "2112"]
[BlackElo "2440"]
[PlyCount "118"]
[EventDate "2024.09.11"]
[WhiteTeam "Cote d’Ivoire"]
[BlackTeam "Madagascar"]
[BlackTeamCountry "MAD"]

1. d4 Nf6 2. Nf3 d5 3. c4 e6 4. cxd5 exd5 5. Nc3 c6 6. Bg5 Bf5 7. e3 Nbd7 8. Bd3 Bxd3 9. Qxd3 Be7 10. O-O O-O 11. Rab1 Ne4 12. Bf4 Nd6 ({RR} 12... Ndf6 13. Ne5 Bd6 14. h3 Qe7 15. f3 Nxc3 16. bxc3 Rab8 17. Qf5 Rfe8 18. Bg5 Qe6 19. Qxe6 Rxe6 20. Bxf6 gxf6 21. Nd7 Rd8 22. Rxb7 Kg7 23. Nc5 Rxe3 24. Rxa7 Bxc5 25. dxc5 Rxc3 26. Re1 Rxc5 27. Ree7 {1-0 Paravyan,D (2647)-Bluebaum,M (2670) Levitov Christmas Online Q2 blitz 2020}) 13. Ne5 $146 ({RR} 13. Rfc1 a5 14. Na4 b5 15. Bxd6 Bxd6 16. Nc5 Bxc5 17. dxc5 Qf6 18. Qd4 Qg6 19. Ne5 Nxe5 20. Qxe5 Rfe8 21. Qc7 a4 22. b4 h5 23. a3 Re4 24. h3 Rae8 25. Rd1 R8e5 26. Kh1 h4 27. Rg1 Rf5 {0-1 Balazs,G (2369)-Rees,I (2251) Titled Tue 6th Aug Late 2024 (7)}) 13... Nb6 14. h3 Re8 15. b3 Bf8 16. Bh2 Qg5 17. Rbe1 Rad8 18. Bf4 Qh5 19. Qd1 Qf5 20. Qd3 Rxe5 21. Qxf5 Rxf5 22. g4 Rxf4 23. exf4 g6 24. f3 Bg7 25. Rd1 Nd7 26. a4 Re8 27. Kf2 Bf6 28. Rd3 Nf8 29. Rc1 Ne6 30. Ne2 Bh4+ 31. Kf1 Kf8 32. Rc2 Ke7 33. Re3 Kd7 34. Rec3 h6 35. Kg2 f5 36. Rc1 Rf8 37. Rh1 Bd8 38. Kg3 Bc7 39. Rf1 Nc8 40. Kg2 Nxf4+ 41. Nxf4 Bxf4 42. Rd3 Nd6 43. Kf2 Re8 44. Rg1 Re6 45. Rh1 Bg5 46. Rb1 Bh4+ 47. Kf1 a5 48. Ra1 f4 49. Rad1 Nf7 50. Rb1 Bg3 51. b4 axb4 52. Rdb3 Nd6 53. Rxb4 Kc8 54. a5 Nb5 55. R4b3 Re7 56. Rc1 Kb8 57. Rd3 Ka7 58. Ra1 Ka6 59. h4 Bxh4 0-1

[Event "45th Olympiad 2024"]
[Site "Budapest HUN"]
[Date "2024.09.21"]
[Round "10.57"]
[Board "2"]
[White "Razanadrakotoarisoa, Toavina"]
[Black "De Gondo, Simplice Armel"]
[Result "1-0"]
[WhiteElo "2147"]
[BlackElo "2045"]
[PlyCount "67"]
[EventDate "2024.09.11"]
[WhiteTeam "Madagascar"]
[BlackTeam "Cote d’Ivoire"]
[WhiteTeamCountry "MAD"]

1. d4 d5 2. c4 c6 3. Nc3 Nf6 4. Bg5 dxc4 5. a4 Qa5 6. Bxf6 exf6 7. e3 Bb4 8. Qc1 Be6 9. Nf3 Nd7 10. Be2 Nb6 11. O-O O-O 12. Nd2 c5 $146 ({RR} 12... Rac8 13. Rd1 Rfd8 14. Nce4 f5 15. Ng5 c3 16. bxc3 Bxc3 17. Nxe6 Bxd2 18. Rxd2 fxe6 19. Rc2 Nd5 20. Rb1 Qc7 21. Qb2 Rd7 22. Bc4 Re7 23. Qa3 Qd8 24. Rcb2 Rcc7 25. Qc5 a6 26. a5 Qd7 27. Rb3 {½-½ Picazo Lopez,J (2269)-Aranaz Murillo,A (2057) Malaga op 13th 2010 (5)}) ({RR} 12... f5 13. Qc2 Rad8 14. Rfc1 f4 15. Ncb1 fxe3 16. fxe3 Qg5 17. Nf1 Bf5 18. e4 Bxe4 19. Qxe4 Qxc1 20. a5 Qxb2 21. axb6 Qxa1 22. Bxc4 Qxd4+ 23. Qxd4 Rxd4 24. Ne3 Bc5 25. Kf1 Rf4+ 26. Ke2 Bxe3 27. Kxe3 {0-1 Massarioli,F (2068)-Terry,R (2369) Dos Hermanas Internet qual-E 10th blitz 2009 (3)}) ({RR} 12... f5 13. Ncb1 c5 14. dxc5 Qxc5 15. a5 Nd7 16. Nxc4 Rac8 17. b3 Bxc4 18. Qxc4 Bxa5 19. Qxc5 Rxc5 20. b4 Bxb4 21. Rxa7 Rc7 22. Na3 Bc5 23. Nb5 Bxa7 24. Nxc7 Bc5 25. Rd1 Nf6 26. Nd5 Ne4 27. f3 {0-1 Bouloudene,B (2060)-Curto,N (1994) FRA-chT2 0405 2004 (1.8)}) 13. Bf3 cxd4 14. exd4 Rab8 15. Nde4 Rfd8 16. Rd1 h6 17. Qf4 f5 18. d5 Bd7 19. Ng3 Bxc3 20. bxc3 Qxc3 21. a5 Na4 22. Rdc1 Qxa5 23. Rxc4 b5 24. Rc7 Qb6 25. h4 Rbc8 26. Rxc8 Rxc8 27. Re1 Nc3 28. Re7 Rd8 29. d6 Be6 30. Nxf5 Bxf5 31. Qxf5 Rf8 32. Qe5 b4 33. Re8 Qc6 34. Bxc6 1-0

[Event "45th Olympiad 2024"]
[Site "Budapest HUN"]
[Date "2024.09.21"]
[Round "10.57"]
[Board "3"]
[White "Manan, Yoboue Hermann"]
[Black "Andriamasoandro, Miora"]
[Result "1/2-1/2"]
[WhiteElo "2030"]
[BlackElo "2116"]
[PlyCount "120"]
[EventDate "2024.09.11"]
[WhiteTeam "Cote d’Ivoire"]
[BlackTeam "Madagascar"]
[BlackTeamCountry "MAD"]

1. e4 c5 2. Nf3 d6 3. Bb5+ Nd7 4. O-O a6 5. Bxd7+ Bxd7 6. d4 cxd4 7. Qxd4 e5 8. Qd3 h6 9. c4 Nf6 10. Nc3 b5 ({RR} 10... Be7 11. c5 Be6 12. cxd6 Qxd6 13. Qe3 O-O 14. Rd1 Qc7 15. Nd5 Nxd5 16. exd5 Rad8 17. Nxe5 Rxd5 18. Rxd5 Bxd5 19. Bd2 Bf6 20. Bc3 Re8 21. f4 b5 22. h3 b4 23. Bd4 Qc2 24. Qf2 Rc8 25. b3 {0-1 Antipov,M (2569)-Sasikiran,K (2639) Wch Blitz 9th 2015 (4)}) ({RR} 10... Be7 11. b3 Qc7 12. Rd1 Rd8 13. Ba3 Be6 14. Rac1 Qa5 15. Bb2 O-O 16. a3 b5 17. Nd5 Nxd5 18. exd5 bxc4 19. bxc4 Bg4 20. h3 Bh5 21. Re1 f5 22. Nd4 Bg5 23. Nc6 Qd2 24. Qb3 Rd7 25. Rb1 {½-½ Timoshin,A (2230)-Huh,I (2114) 45th Olympiad 2024 (6.45)}) 11. cxb5 axb5 12. b4 $146 ({RR} 12. Nxb5 Nxe4 13. Qxe4 Bxb5 14. Nxe5 d5 15. Qf3 Ra7 16. Re1 Re7 17. Bd2 Qb6 18. Nxf7 Rh7 19. Qxd5 Bd7 20. Nd6+ Kd8 21. Ba5 {1-0 Bauyrzhan,A (2031)-Dumankyzy,A (1509) 20th Asian Continental w 2023 (6.16)}) 12... Be7 13. Nd2 Qb8 14. Nb3 O-O 15. a3 Rc8 16. Bb2 Qb6 17. Kh1 Rab8 18. f3 Be6 19. Nd5 Nxd5 20. exd5 Bd7 21. f4 f6 22. Na5 Rc7 23. Rad1 Bf8 24. fxe5 fxe5 25. Qf3 Re8 26. Bc1 Bc8 27. Be3 Qa6 28. Rc1 Rd7 29. Qh5 Rde7 30. Nc6 Bb7 31. Qg6 Bxc6 32. dxc6 Qxa3 33. Bxh6 Qa7 34. Bg5 Rf7 35. Be3 Qe7 36. Bb6 Rc8 37. c7 Qd7 38. Rxf7 Qxf7 39. Qg4 Qe8 40. Qe4 Qe6 41. Rd1 Be7 42. Qd5 Qxd5 43. Rxd5 Kf7 44. Rxb5 Ke6 45. Ba5 d5 46. Rb8 Kd7 47. g3 Bd6 48. Rxc8 Kxc8 49. Kg2 Bxc7 50. Bxc7 Kxc7 51. h4 Kc6 52. h5 Kb5 53. g4 Kxb4 54. g5 d4 55. h6 gxh6 56. gxh6 d3 57. Kf2 Kc3 58. h7 d2 59. h8=Q d1=Q 60. Qxe5+ Qd4+ 1/2-1/2

[Event "45th Olympiad 2024"]
[Site "Budapest HUN"]
[Date "2024.09.21"]
[Round "10.57"]
[Board "4"]
[White "Rakotomaharavo, Dylan"]
[Black "Nean, Franck Anderson"]
[Result "1/2-1/2"]
[WhiteElo "2078"]
[BlackElo "1917"]
[PlyCount "137"]
[EventDate "2024.09.11"]
[WhiteTeam "Madagascar"]
[BlackTeam "Cote d’Ivoire"]
[WhiteTeamCountry "MAD"]

1. e4 c5 2. Nf3 g6 3. d4 cxd4 4. Nxd4 Bg7 5. c4 Nc6 6. Be3 d6 7. Nc3 Nf6 8. Be2 O-O 9. O-O Bd7 10. Nb3 Rc8 11. c5 dxc5 12. Nxc5 b6 13. Nxd7 Qxd7 14. Qa4 Na5 15. Bb5 Qe6 16. f3 Rfd8 17. Rfd1 $146 ({RR} 17. Rad1 Rxd1 18. Rxd1 h5 19. Bd4 Nc4 20. Bxc4 Qxc4 21. Qxa7 Rc7 22. Qa8+ Rc8 23. Qb7 Rc7 24. Qb8+ Rc8 25. Qxb6 Nd7 26. Qa7 Rc7 27. Qa8+ Rc8 28. Qd5 Qxd5 29. exd5 Bh6 30. Kf2 Rc4 31. b3 Rc8 {1-0 Dolgener,T (2193)-Bodrogi,M (2044) Budapest-chT1 Lilienthal 1516 2015 (5)}) 17... h5 18. Ba6 Ra8 19. Rab1 h4 20. h3 Nh5 21. Nd5 Rab8 22. Bg5 Nf6 23. Qb5 Nxd5 24. exd5 Qd6 25. Bxh4 Qf4 26. Bf2 Be5 27. Kf1 Qh2 28. Bg1 Qf4 29. b4 Nb7 30. Qc4 Qf6 31. Bxb7 Rxb7 32. Qc6 Rbd7 33. Ke2 Qg5 34. g4 Bf4 35. h4 Qe5+ 36. Kf1 Rd6 37. Qc4 Rxd5 38. Rxd5 Rxd5 39. Re1 Qd6 40. Rxe7 Rd1+ 41. Re1 Rxe1+ 42. Kxe1 Bg3+ 43. Ke2 Bxh4 44. f4 Be7 45. b5 Qa3 46. Be3 Qb2+ 47. Bd2 Bc5 48. a4 Qa1 49. Bc3 Qg1 50. g5 Qe3+ 51. Kd1 Qg1+ 52. Kc2 Qf2+ 53. Kb3 Qf3 54. Kc2 Qg2+ 55. Kb1 Qh1+ 56. Ka2 Qc1 57. Kb3 Qe3 58. Kb2 Qf2+ 59. Kb1 Qg1+ 60. Ka2 Qc1 61. a5 Qa3+ 62. Kb1 bxa5 63. f5 Be3 64. fxg6 Qc1+ 65. Ka2 Qc2+ 66. Ka1 Qc1+ 67. Ka2 Qc2+ 68. Ka1 Qc1+ 69. Ka2 1/2-1/2